000 00547nam a22001937a 4500
003 OSt
005 20260305122537.0
008 260305b |||||||| |||| 00| 0 eng d
020 _a9789355628114
040 _bEnglish
_cCentral Library IIT Goa
082 _a891.433
_bMIS
100 _aMishra, Nina
_93684
245 _aVo Chhappan Ghante
_b:Sans Leti Kahaniyan /
_cNina Mishra
260 _aNew Delhi :
_bPrabhat Prakashan Pvt. Ltd. ,
_c2025
300 _a152p.
650 _aHindi Literature
_92523
650 _aHindi Fiction
942 _2ddc
_cBK
999 _c1875
_d1875